| 000 | 00372nam a2200157Ia 4500 | ||
|---|---|---|---|
| 008 | 230917s9999||||xx |||||||||||||| ||und|| | ||
| 040 |
_e100820 _aMAIN |
||
| 041 | _aEnglish | ||
| 082 | _a342 W119A | ||
| 100 | _aWade, Sir William | ||
| 245 | 0 | _aAdministrative law | |
| 250 | _a8th ed. | ||
| 260 |
_aDelhi _bUniversal Law _c2003 |
||
| 300 | _axc, 1027 p. | ||
| 942 | _cBK | ||
| 999 |
_c118002 _d118002 |
||